Leeds United Squad 2023-2024 - Statistics

General Stats
  • This quiz has been taken 127 times
  • The average score is 20 of 32
Answer Stats
# Position Nation Player % Correct
1 GK France Illan Meslier
94%
10 FW Netherlands Crysencio Summerville
90%
4 MF Wales Ethan Ampadu
89%
3 DF Dominican Republic Junior Firpo
88%
29 FW Italy Wilfried Gnonto
88%
20 FW Wales Daniel James
85%
14 DF Wales Joe Rodon
84%
9 FW England Patrick Bamford
84%
6 DF Scotland Liam Cooper
81%
8 MF Finland Glen Kamara
78%
44 MF Bulgaria Ilia Gruev
78%
24 FW France Georginio Rutter
76%
7 FW Netherlands Joël Piroe
71%
49 FW Spain Mateo Joseph
71%
15 DF Northern Ireland Stuart Dallas
71%
22 MF England Archie Gray
68%
- Coach Germany Daniel Farke
68%
21 DF Netherlands Pascal Struijk
66%
28 GK England Karl Darlow
60%
13 GK Norway Kristoffer Klaesson
60%
2 DF England Luke Ayling
60%
5 DF England Charlie Cresswell
56%
33 DF Wales Connor Roberts
56%
25 DF England Sam Byram
53%
30 FW England Joe Gelhardt
51%
12 FW England Jaidon Anthony
40%
27 FW Colombia Ian Poveda
31%
17 DF England Jamie Shackleton
31%
33 DF Norway Leo Fuhr Hjelde
29%
39 DF England Djed Spence
18%
18 MF England Darko Gyabi
13%
16 FW England Sonny Perkins
10%
No matching quizzes found
Score Distribution
Percent of People with Each Score
Percentile by Number Answered
Your Score History
You have not taken this quiz